000 00565nam a22001577a 4500
003 OSt
005 20150913094455.0
008 150913b xxu||||| |||| 00| 0 eng d
040 _cRUA
082 _aAGR អ៊ុំ 1996 B016 Or.1
100 _9363
_aអ៊ុំ​ កន្និដ្ឋាន
245 _aការកែច្នៃជ៏រស៊ូគ្រាប់ ពីទឹកជ័រនៅក្រុមហ៊ុនចំការកៅស៊ូក្រែក
260 _aPhnom Penh
_bRUA
_c1996
300 _a79p.
_bill.
_c29cm.
942 _2ddc
_cAGR
999 _c344
_d344